Nehoda (Record no. 19975)
[ view plain ]
| 000 -LEADER | |
|---|---|
| fixed length control field | 00972nam a2200325 4500 |
| 001 - CONTROL NUMBER | |
| control field | 19975 |
| 003 - CONTROL NUMBER IDENTIFIER | |
| control field | SK-KTurca |
| 005 - DATE AND TIME OF LATEST TRANSACTION | |
| control field | 20251219181643.0 |
| 008 - FIXED-LENGTH DATA ELEMENTS--GENERAL INFORMATION | |
| fixed length control field | 250904s2025 xo 000 0 slo |
| 020 ## - INTERNATIONAL STANDARD BOOK NUMBER | |
| International Standard Book Number | 9788081644092 |
| Qualifying information | (viaz.) |
| 040 ## - CATALOGING SOURCE | |
| Original cataloging agency | SNK |
| Language of cataloging | slo |
| Transcribing agency | SNK |
| Description conventions | rda |
| 041 1# - LANGUAGE CODE | |
| Language code of text/sound track or separate title | slo |
| Language code of original | eng |
| 044 ## - COUNTRY OF PUBLISHING/PRODUCING ENTITY CODE | |
| MARC country code | xo |
| ISO country code | SK |
| 072 7# - SUBJECT CATEGORY CODE | |
| Subject category code | 821-311.9 |
| Subject category code subdivision | Anglická próza |
| Source | konspekt |
| 080 ## - UNIVERSAL DECIMAL CLASSIFICATION NUMBER | |
| Universal Decimal Classification number | 821.111-31 |
| Edition identifier | 2011 |
| 100 1# - MAIN ENTRY--PERSONAL NAME | |
| Personal name | McFadden, Freida |
| Relationship | aut |
| 240 10 - UNIFORM TITLE | |
| Uniform title | The Crash |
| Language of a work | Slovensky |
| 245 10 - TITLE STATEMENT | |
| Title | Nehoda |
| Statement of responsibility, etc. | Freida McFadden ; prel. Dorota Lamačková |
| 260 ## - PUBLICATION, DISTRIBUTION, ETC. | |
| Place of publication, distribution, etc. | [Bratislava] |
| Name of publisher, distributor, etc. | Motýľ |
| Date of publication, distribution, etc. | 2025 |
| 300 ## - PHYSICAL DESCRIPTION | |
| Extent | 360 strán |
| 336 ## - CONTENT TYPE | |
| Content type term | text |
| Content type code | txt |
| Source | rdacontent |
| 337 ## - MEDIA TYPE | |
| Media type term | bez média |
| Media type code | n |
| Source | rdamedia |
| 338 ## - CARRIER TYPE | |
| Carrier type term | zvazok |
| Carrier type code | nc |
| Source | rdacarrier |
| 500 ## - GENERAL NOTE | |
| General note | Dočasný záznam – fyzická kópia ešte neprišla |
| 500 ## - GENERAL NOTE | |
| General note | Vytvorené AI |
| 655 #7 - INDEX TERM--GENRE/FORM | |
| Genre/form data or focus term | americké romány |
| Source of term | SNKPH |
| 700 1# - ADDED ENTRY--PERSONAL NAME | |
| Personal name | Lamačková, Dorota |
| Relationship | trl |
| 942 ## - ADDED ENTRY ELEMENTS (KOHA) | |
| Source of classification or shelving scheme | Dewey Decimal Classification |
| Koha item type | Krásna literatúra pre dospelých |
| Suppress in OPAC | No |
| Stav vyradenia | Strata | Poškodenie | Spôsob nadobudnutia | Domovská knižnica | Aktuálna knižnica | Dátum nadobudnutia | Cena | Total checkouts | Čiarový kód exemplára | Date last seen | Date last checked out | Typ exemplára |
|---|---|---|---|---|---|---|---|---|---|---|---|---|
| Kúpa | Obecná knižnica Diaková | Obecná knižnica Diaková | 19.12.2025 | 13.18 | 1 | 4734501480 | 24.04.2026 | 17.04.2026 | Krásna literatúra pre dospelých |
